00668nam a2200229 a 4500001001300000003000900013005001700022008004100039020001000080082001500090100002300105245005200128260002500180300000900205500003500214505001900249650002200268902000800290942000700298952011600305999001700421nice12345678IN_TiNIC20260116013304.0050524s1997 dela grp 000 0 eng  ac10000a269.2bKIM aKim, Sebastian C H aGood News to the Poorb Challenge to the Church aDelhi bISPCK c1997 a285p aincludes index and biblioraphy2 aNine Pamphlets aEvangelistic Work bSRS cBK 001040708StackRoom-aHMIbHMId2007-07-13g100.00l0o269.2 KIMp018318r2007-07-13v100.00w2005-05-24yBK c10424d10424